| 000 | 00604cam a22002053a 4500 | ||
|---|---|---|---|
| 001 | 41682 | ||
| 003 | PGUSA | ||
| 005 | 20140828083936.0 | ||
| 008 | 121221s2012||||xxu|||||s|||||000 | eng d | ||
| 040 |
_aPGUSA _beng |
||
| 042 | _adc | ||
| 100 | 1 |
_aSmith, Logan Pearsall, _d1865-1946 |
|
| 245 | 1 | 4 |
_aThe Youth of Parnassus and other stories _h[electronic resource] / _cLogan Pearsall Smith |
| 260 |
_bProject Gutenberg, _c2012 |
||
| 506 | _aPublic domain in the USA. | ||
| 516 | _aElectronic text | ||
| 830 | 0 |
_aProject Gutenberg _v41682 |
|
| 856 | 4 | 0 | _uhttp://www.gutenberg.org/ebooks/41682 |
| 942 | _cEB | ||
| 999 |
_c270934 _d270934 |
||